| 000 | 00850nas a2200313 4500 | ||
|---|---|---|---|
| 001 | BR0200453 | ||
| 003 | BR-BrBNA | ||
| 005 | 20231205102618.0 | ||
| 007 | ta | ||
| 008 | 230509b bl.|||p| |||| 00| 00por d | ||
| 040 |
_aBR-BrBNA _bpor _cBiblioteca Nacional de Agricultura |
||
| 041 | _a(Pt) | ||
| 072 | _aF60 | ||
| 100 | 1 | _aArgenta, G. | |
| 100 | 1 | _aSilva, P.R.F. da | |
| 100 | 1 | _aBortolini, C.G. | |
| 245 | 1 | _aClorofila na folha como indicador do nivel de nitrogenio em cereais | |
| 650 | _aMilho | ||
| 650 | _aTrigo | ||
| 650 | _aArroz | ||
| 650 | _aNitrogenio | ||
| 650 | _aClorofila | ||
| 650 | _aFolha | ||
| 650 | _aAdubacao | ||
| 650 | _aRendimento | ||
| 773 | 0 |
_tCiencia Rural (Brazil) _xISSN 0103-8478 _g(Jul-Aug 2001), v. 31(4) p. 715-722 _wBR0200453 |
|
| 909 |
_a202311 _bLúcia _c55 _dLúcia Elande |
||
| 942 |
_2AGRIS _n0 _cANA |
||
| 999 |
_c168434 _d168434 |
||